Fundamentals of organic chemistry V1. (Record no. 85090)

MARC details
000 -LEADER
fixed length control field 00583nam a2200241Ia 4500
008 - FIXED-LENGTH DATA ELEMENTS--GENERAL INFORMATION
fixed length control field 210210b1978 xxu||||| |||| 00| 0 eng d
020 ## - INTERNATIONAL STANDARD BOOK NUMBER
International Standard Book Number 33390 232 7
082 ## - DEWEY DECIMAL CLASSIFICATION NUMBER
Classification number 547 ROWF
100 ## - MAIN ENTRY--PERSONAL NAME
Personal name ROW (L R)
245 ## - TITLE STATEMENT
Title Fundamentals of organic chemistry V1.
260 ## - PUBLICATION, DISTRIBUTION, ETC.
Place of publication, distribution, etc. Delhi
Name of publisher, distributor, etc. The Macmillan Co.
Date of publication, distribution, etc. 1978
300 ## - PHYSICAL DESCRIPTION
Extent xiii,278
440 ## - SERIES STATEMENT/ADDED ENTRY--TITLE
Title 1
650 ## - SUBJECT ADDED ENTRY--TOPICAL TERM
Topical term or geographic name entry element V1.
650 ## - SUBJECT ADDED ENTRY--TOPICAL TERM
Topical term or geographic name entry element Problems Organic Chemistry
650 ## - SUBJECT ADDED ENTRY--TOPICAL TERM
Topical term or geographic name entry element organic
650 ## - SUBJECT ADDED ENTRY--TOPICAL TERM
Topical term or geographic name entry element of
650 ## - SUBJECT ADDED ENTRY--TOPICAL TERM
Topical term or geographic name entry element Fundamentals
650 ## - SUBJECT ADDED ENTRY--TOPICAL TERM
Topical term or geographic name entry element chemistry
690 ## - LOCAL SUBJECT ADDED ENTRY--TOPICAL TERM (OCLC, RLIN)
Topical term or geographic name as entry element Organic Chemistry
700 ## - ADDED ENTRY--PERSONAL NAME
Personal name VENKATESWARLU (R).
906 ## - LOCAL DATA ELEMENT F, LDF (RLIN)
a 034483
Holdings
Withdrawn status Lost status Damaged status Not for loan Collection code Home library Current library Shelving location Date acquired Cost, normal purchase price Total Checkouts Full call number Barcode Date last seen Price effective from Koha item type
          St Aloysius Library St Aloysius Library   02/17/2021 0.00   547 ROWF 034483 02/17/2021 02/17/2021 Book